[Event "Voronezh op-B 20th"]
[Site "Voronezh"]
[Date "2016.06.20"]
[Round "8"]
[White "Bukarin, Mikhail Yurievich"]
[Black "Filippov, Ilya"]
[Result "1/2-1/2"]
[WhiteElo "1958"]
[BlackElo "2156"]
[PlyCount "80"]
[EventDate "2016.06.12"]
[EventType "swiss"]
[EventRounds "9"]
[EventCountry "RUS"]
[SourceTitle "EXT 2017"]
[Source "ChessBase"]
[SourceDate "2016.10.25"]
[SourceVersion "1"]
[SourceVersionDate "2016.10.25"]
[SourceQuality "1"]

1. d4 d5 2. Nf3 c6 3. c4 Nf6 4. e3 e6 5. Bd3 dxc4 6. Bxc4 Be7 7. 0-0 0-0 8. Qe2 c5 9. Rd1 Nc6 10. Nc3 cxd4 11. Nxd4 Nxd4 12. Rxd4 Qb6 13. Rd1 Rd8 14. Rxd8+ Qxd8 15. e4 e5 16. Nd5 Nxd5 17. Bxd5 Bc5 18. Be3 Bxe3 19. Qxe3 Qe7 20. Qb3 Rb8 21. Rc1 g6 22. Qc3 Bd7 23. Qa5 a6 24. Rc7 Qd6 25. Qc5 Qxc5 26. Rxc5 Rc8 27. Rxc8+ Bxc8 28. Kf1 Kf8 29. Ke2 Ke7 30. Kd3 f6 31. Kc4 Kd6 32. a4 b6 33. b4 Bd7 34. b5 a5 35. Bg8 Be6+ 36. Bxe6 Kxe6 37. Kd3 f5 38. f3 f4 39. g3 fxg3 40. hxg3 h5 1/2-1/2

[Event "Voronezh op-B 20th"]
[Site "Voronezh"]
[Date "2016.06.13"]
[Round "2"]
[White "Makarkin, Zhan"]
[Black "Bukarin, Mikhail Yurievich"]
[Result "0-1"]
[WhiteElo "2094"]
[BlackElo "1958"]
[PlyCount "74"]
[EventDate "2016.06.12"]
[EventType "swiss"]
[EventRounds "9"]
[EventCountry "RUS"]
[SourceTitle "EXT 2017"]
[Source "ChessBase"]
[SourceDate "2016.10.25"]
[SourceVersion "1"]
[SourceVersionDate "2016.10.25"]
[SourceQuality "1"]

1. e4 c5 2. c3 Nf6 3. e5 Nd5 4. d4 cxd4 5. Qxd4 e6 6. Nf3 Nc6 7. Qe4 f5 8. exf6 Nxf6 9. Qc2 d5 10. Bb5 Bd6 11. Bg5 e5 12. Nbd2 0-0 13. h3 Qc7 14. Nb3 Ne7 15. Rc1 Ne4 16. Bxe7 Qxe7 17. Qd1 Nf6 18. Be2 Bd7 19. Qd2 Rae8 20. Qe3 b6 21. Nfd2 Qf7 22. Nf3 Bc6 23. Qg5 Ne4 24. Qe3 Ba4 25. Bd1 Nxf2 26. Qxf2 e4 27. 0-0 exf3 28. Nd4 Bxd1 29. Rcxd1 Qh5 30. Qc2 fxg2 31. Qxg2 Rxf1+ 32. Rxf1 Bc5 33. Qf3 Bxd4+ 34. cxd4 Qxf3 35. Rxf3 Re4 36. Rb3 Rxd4 37. Re3 Re4 0-1